Normal view
MARC view
- Karachi (Pakistan)
Entry Topical Term
001 - CONTROL NUMBER
- control field: 129147
003 - CONTROL NUMBER IDENTIFIER
- control field: NUST
005 - DATE AND TIME OF LATEST TRANSACTION
- control field: 20250618151742.0
008 - FIXED-LENGTH DATA ELEMENTS
- fixed length control field: 250618|| aca||aabn | a|a d
040 ## - CATALOGING SOURCE
- Original cataloging agency: NUST
- Transcribing agency: NUST
150 ## - HEADING--TOPICAL TERM
- Topical term or geographic name entry element: Karachi (Pakistan)
- General subdivision: Buildings, structures, etc
670 ## - SOURCE DATA FOUND
- Source citation: Work cat.: (NUST)0: Ahmed, Suneela, author. 121567, Understanding Karachi's architecture :
